Educational Status of Scheduled Castes: (Record no. 183578)

MARC details
000 -LEADER
fixed length control field 00750nam a22002057a 4500
005 - DATE AND TIME OF LATEST TRANSACTION
control field 20211229102851.0
010 ## - LCCN (DPL NO)
LC control number ENG-130244
020 ## - INTERNATIONAL STANDARD BOOK NUMBER
International Standard Book Number 978-81-316-1145-6
Terms of availability 1395.00
035 ## - SYSTEM CONTROL NUMBER
System control number EN-113776
037 ## - SOURCE OF ACQUISITION
Source of stock number/acquisition DBAD
082 ## - DEWEY DECIMAL CLASSIFICATION NUMBER
Classification number 371.826940954
100 ## - MAIN ENTRY--PERSONAL NAME
Personal name Shah, Ghanshyam
245 ## - TITLE STATEMENT
Title Educational Status of Scheduled Castes:
Remainder of title Attainment and Challenges:
Statement of responsibility, etc Ghanshyam Shah, K. Sujatha, Sukhadeo Thorat
260 ## - PUBLICATION, DISTRIBUTION, ETC. (IMPRINT)
Place of publication, distribution, etc Chennai
Name of publisher, distributor, etc Westland Publications Private Limited
Date of publication, distribution, etc 2019
270 ## - ADDRESS
Address 1st Floor, A Block, East Wing, Plot No. 40, SP Infocity, Dr MGR Salai, Perungudi, Kandanchavadi
City Chennai
Postal code 600096
300 ## - PHYSICAL DESCRIPTION
Extent 352p
Dimensions 24cm(hbk)
700 ## - ADDED ENTRY--PERSONAL NAME
Personal name Sujatha, K.
700 ## - ADDED ENTRY--PERSONAL NAME
Personal name Thorat, Sukhadeo
942 ## - ADDED ENTRY ELEMENTS (KOHA)
Source of classification or shelving scheme Dewey Decimal Classification
Item type English Books
Classification part 371.826940954
Call number suffix SHA
Holdings
Withdrawn status Lost status Not for loan Collection code Home library Current library Date acquired Source of acquisition Cost, normal purchase price Full call number Barcode Copy number Cost, replacement price Koha item type
      Non-fiction Mobile Library Mobile Library 29/12/2021 DBAD/PUB` 1395.00 371.826940954 SHA EN-113776 1 1395.00 English Books

© Delhi Public Library
Hit Counter
free hit counter